00281nam a2200109Ia 4500008004100000041000800041082002100049100001800070245003700088260003700125300000900162230411s9999 xx 000 0 und d aeng aA/612/SEM/B03259 aSembulingam K aEssentials of Medical Physiology bJaypee BrothersaNew Delhic2005 a844p